Istituzioni giuridiche e realtà politiche nel tardo impero. III-V sec. d.C
Gespeichert in:
| 1. Verfasser: | |
|---|---|
| Format: | Buch |
| Sprache: | Italienisch |
| Veröffentlicht: |
Milán
Dott. A. Giuffrè
1976
|
| Schriftenreihe: | Circolo Toscano di Diritto Romano e Storia del Diritto, 4
|
| Schlagworte: | |
| Tags: |
Tag hinzufügen
Keine Tags, Fügen Sie den ersten Tag hinzu!
|
MARC
| LEADER | 00000cam a2200000 a 4500 | ||
|---|---|---|---|
| 001 | UCR2653 | ||
| 003 | CL-VaPUC | ||
| 005 | 20220106090327.0 | ||
| 008 | 980112e19760000it 1 ita d | ||
| 082 | 0 | 4 | |a 340.5406 |b ARC |2 21 |
| 100 | 1 | |a Archi, Gian Gualberto |e author |9 618683 | |
| 245 | 1 | 0 | |a Istituzioni giuridiche e realtà politiche nel tardo impero. III-V sec. d.C |
| 260 | |a Milán |b Dott. A. Giuffrè |c 1976 | ||
| 300 | |a 338 p | ||
| 490 | 0 | |a Circolo Toscano di Diritto Romano e Storia del Diritto, 4 | |
| 583 | |a last modification |c 20170613 10:28:54 |k Rodrigo Vera | ||
| 650 | 0 | 0 | |a Derecho romano |9 255930 |
| 650 | 0 | 0 | |a Instituciones jurídicas |9 380718 |
| 650 | 0 | 0 | |a Vida política |9 337438 |
| 650 | 0 | 0 | |a Poder político |9 255509 |
| 650 | 0 | 0 | |a Política económica |9 255029 |
| 650 | 0 | 0 | |a Ordenamiento jurídico |9 355371 |
| 650 | 0 | 0 | |a Constitución política |9 336925 |
| 942 | |c BK | ||
| 945 | |a aolguin |d 19980112 00:00:00 | ||
| 546 | |a En Italiano | ||
| 518 | |p Incontro tra storici e giuristi, Florencia, 2-4 mayo de 1974 | ||
| 999 | |c 383074 |d 383072 | ||
| 952 | |0 0 |1 0 |4 0 |6 340_540600000000000_ARC_1976 |7 0 |8 DER_ROM |9 505076 |a BIBDER |b BIBDER |d 2020-01-23 |i 1931792 |l 8 |o 340.5406 ARC 1976 |p 1931792 |r 2023-01-25 |s 2021-08-30 |w 2020-01-23 |x Ubicación 4to piso |y BK |z Este recurso debe solicitarse con anticipación |k DER | ||
| 952 | |0 0 |1 0 |4 0 |6 340_540600000000000_ARC_1976 |7 0 |8 DER_ROM |9 505077 |a BIBDER |b BIBDER |d 2020-01-23 |i 1940805 |l 1 |o 340.5406 ARC 1976 |p 1940805 |r 2023-01-25 |s 2020-03-16 |w 2020-01-23 |x Ubicación 4to piso |y BK |z Este recurso debe solicitarse con anticipación |k DER | ||
| 952 | |0 0 |1 0 |3 erd |4 0 |6 340_540600000000000_ARC_1976 |7 0 |8 A |9 505078 |a FDOLAF |b FDOLAF |e Laffi, Umberto |i 5391997 |o 340.5406 ARC 1976 |p 5391997 |r 2024-01-30 |w 2020-01-23 |y BK |z Catalogado en:20170519 |k LAF | ||